000 00607nam a2200193Ia 4500
008 090123s9999 xx 000 0 und d
082 _b8681
_a891.463/मेंगजी
100 _aमेंगजी अशोक
245 _aकामिनी
250 _a1
260 _bप्रिया प्रकाशन
_c1984
300 _a324
600 _aमेंगजी अशोक
630 _aकामिनी
700 _aमेंगजी अशोक
700 _aकाकडे दत्तात्रय सदाशिव
730 _aकामिनी
942 _cBOOK
999 _c46746
_d46746